000 00260 a2200097 4500
001 12596
100 _aGottlieb,B
245 _aAlternative cures: the most effective Natural Home remedies for 160 Health Problems
260 _a
_bRodale
_c
090 _c9608
_d9608
942 _aNUST-CAE
_cM
_c36498
999 _c247669
_d247669